00312nam a22001217a 4500003000400000008004100004020001800045082001700063100002200080245004800102260003000150300001000180OSt240828b |||||||| |||| 00| 0 eng d a9781685470036 a215.954bPAV aPARIHAR, Pradeep  aVedic World and Wonders of Ancient Science  aUSA:bWorld House,c2021. a272p.